000 00584nam a2200229Ia 4500
003 OSt
005 20220928110023.0
006 a|||||r|||| 00| 0
007 ta
008 220927b |||||||| |||| 00| 0 eng d
024 _a26708
037 _cTextual
040 _aSDCL
_cSDCL
_beng
041 _2eng
_aeng
082 _aQ127:25, L6
100 _aJha Tarinish Ed.
_9417789
245 0 _aIsoyanishad
260 _aAllahabad
_bRamnarayanalal
_c1976
300 _a41p.
_ccm.
942 _hQ127:25, L6
_cTEXL
_2CC
999 _c733789
_d733789